00243nam a22000977a 4500020001800000082001100018100001800029245005000047260003900097300000900136 a9788190907071 a070.43 aSanjeev Soori aInvestigative journalism context and practice aNew DelhibAxis publicationsc2010 a282p